000 01037nam a22001817a 4500
999 _c62868
_d62868
005 20251125233059.0
008 s2553 th tha d
040 _aNALT
041 _atha
090 _aIS 5/2553 4
100 0 _aณัฐกิตติ์ ขำหิรัญ
_98749
245 1 0 _aการเพิ่มประสิทธิภาพการปฏิบัติหน้าที่เลขานุการของคณะกรรมการประสานงานและเสนอความเห็นเพื่อประกอบการพิจารณาและวินิจฉัยของประธานรัฐสภา : เอกสารวิชาการกรณีศึกษาส่วนบุคคล
260 3 _aกรุงเทพฯ :
_bรัฐสภา,
_c2553
850 _aNALT
856 4 0 _uhttps://hdl.handle.net/20.500.14156/18421
942 _cIS
_2local
_02